Rocket (Record no. 393)

MARC details
000 -LEADER
fixed length control field 00557nam a22002057a 4500
005 - DATE AND TIME OF LATEST TRANSACTION
control field 20230609123322.0
008 - FIXED-LENGTH DATA ELEMENTS--GENERAL INFORMATION
fixed length control field 230609b |||||||| |||| 00| 0 eng d
020 ## - INTERNATIONAL STANDARD BOOK NUMBER
International Standard Book Number 9780198484349
040 ## - CATALOGING SOURCE
Original cataloging agency KMU
Transcribing agency KMU
Modifying agency KMU
Description conventions rda
050 ## - LIBRARY OF CONGRESS CALL NUMBER
Classification number PS 228.A57 Hug
100 ## - MAIN ENTRY--PERSONAL NAME
Personal name Hughes,Monica
245 ## - TITLE STATEMENT
Title Rocket
Remainder of title /
Statement of responsibility, etc. Monica Hughes,Roderick Hunt and Alex Brychta
260 ## - PUBLICATION, DISTRIBUTION, ETC.
Place of publication, distribution, etc. Oxford:
Name of publisher, distributor, etc. Oxford University Press,
Date of publication, distribution, etc. 2009.
300 ## - PHYSICAL DESCRIPTION
Extent 12 p.:
Other physical details ill.;
Dimensions 8cm
650 ## - SUBJECT ADDED ENTRY--TOPICAL TERM
Topical term or geographic name entry element Airplane
650 ## - SUBJECT ADDED ENTRY--TOPICAL TERM
Topical term or geographic name entry element Flying
700 ## - ADDED ENTRY--PERSONAL NAME
Personal name Hunt Roderick
700 ## - ADDED ENTRY--PERSONAL NAME
Personal name Brychta Alex
942 ## - ADDED ENTRY ELEMENTS (KOHA)
Source of classification or shelving scheme Library of Congress Classification
Koha item type Non-Fiction
Suppress in OPAC No
Holdings
Withdrawn status Lost status Source of classification or shelving scheme Damaged status Not for loan Collection Home library Current library Shelving location Date acquired Source of acquisition Total Checkouts Full call number Barcode Date last seen Price effective from Koha item type Date last checked out
    Library of Congress Classification     Non-fiction Kapasa Makasa University Kapasa Makasa University Children's Area 09.06.2023 Zambia Library Service   PS 228.A57 Hug 300456 09.06.2023 09.06.2023 Non-Fiction  
    Library of Congress Classification     Non-fiction Kapasa Makasa University Kapasa Makasa University Children's Area 09.06.2023 Zambia Library Service   PS 228.A57 Hug 300452 09.06.2023 09.06.2023 Non-Fiction  
    Library of Congress Classification     Non-fiction Kapasa Makasa University Kapasa Makasa University Children's Area 09.06.2023 Zambia Library Service   PS 228.A57 Hug 300451 09.06.2023 09.06.2023 Non-Fiction  
    Library of Congress Classification     Non-fiction Kapasa Makasa University Kapasa Makasa University Children's Area 09.06.2023 Zambia Library Service   PS 228.A57 Hug 300450 09.06.2023 09.06.2023 Non-Fiction  
    Library of Congress Classification     Non-fiction Kapasa Makasa University Kapasa Makasa University Children's Area 09.06.2023 Zambia Library Service   PS 228.A57 Hug 300453 09.06.2023 09.06.2023 Non-Fiction  
    Library of Congress Classification     Non-fiction Kapasa Makasa University Kapasa Makasa University Children's Area 09.06.2023 Zambia Library Service 1 PS 228.A57 Hug 300454 19.03.2025 09.06.2023 Non-Fiction 03.03.2025
    Library of Congress Classification     Non-fiction Kapasa Makasa University Kapasa Makasa University Children's Area 09.06.2023 Zambia Library Service   PS 228.A57 Hug 300455 09.06.2023 09.06.2023 Non-Fiction  
    Library of Congress Classification     Non-fiction Kapasa Makasa University Kapasa Makasa University Children's Area 09.06.2023 Zambia Library Service   PS 228.A57 Hug 300449 09.06.2023 09.06.2023 Non-Fiction